Cities in Nordrhein-Westfalen - Statistics

General Stats
  • This quiz has been taken 59 times
    57 since last reset
  • The average score is 24 of 32
Answers on the Grid
Answers color-coded by a green-red scale on the quiz's grid according to % correct below.
Brühl
Northeim
Solingen
Görlitz
Dortmund
Dresden
Paderborn
Münster
Sonthofen
Hattingen
Lörrach
Weinheim
Bergisch Gladbach
Langenfeld
Plau am See
Wuppertal
Essen
Elmshorn
Aachen
Uchte
Köln
Duisburg
Gelsenkirchen
Oberhausen
Leverkusen
Minden
Tübingen
Bielefeld
Kulmbach
Bonn
Rheine
Cloppenburg
Lippstadt
Hamm
Düsseldorf
Remscheid
Fulda
Osnabrück
Meiningen
Emmerich am Rhein
Ibbenbüren
Warendorf
Gütersloh
Rothenburg ob der Tauber
Detmold
Regensburg
Bochum
Schönebeck
Herford
Rheda-Wiedenbrück
 
Answer Stats
Answer % Correct
Duisburg
93%
Köln
93%
Dortmund
91%
Düsseldorf
91%
Gelsenkirchen
91%
Münster
91%
Solingen
91%
Bergisch Gladbach
88%
Bielefeld
88%
Bonn
88%
Essen
88%
Leverkusen
88%
Oberhausen
88%
Aachen
86%
Wuppertal
86%
Hamm
84%
Paderborn
84%
Minden
79%
Remscheid
72%
Bochum
70%
Rheine
70%
Hattingen
67%
Lippstadt
65%
Brühl
63%
Gütersloh
60%
Herford
56%
Langenfeld
53%
Detmold
51%
Emmerich am Rhein
51%
Rheda-Wiedenbrück
42%
Ibbenbüren
40%
Warendorf
30%
No matching quizzes found
Score Distribution
Percent of People with Each Score
Percentile by Number Answered
Your Score History
You have not taken this quiz since the last reset